000
003040000a22001330004500
020
_a
0-439-53771-1
082
0
4
_a
B W29s
100
1
_a
Watanabe Kaori
245
1
0
_a
Sweet Dreams / ilustrado por Kaori Watanabe
260
_a
New York : Scholastic
500
_a
Libro de tela
001
1339
942
_c
LGB
999
_c
48506
_d
48506